Responses for show #810 - Friday, February 26, 1988

Contestants

Blanca Gallardo, a teacher from Syracuse, New York

Tom Gazzola, an assistant headmaster originally from North Mankato, Minnesota

Michael Shutterly, a bank officer from Elkridge, Maryland (whose 1-day cash winnings total $15,201)

Jeopardy! Round responses

THE MISSISSIPPI
RELIGION
LAST LINES
RONALD REAGAN
PRISONS
PLUMBING
    $100 29
Missouri

Blanca
    $100 10
Muhammad

Tom
    $100 23
"Deck the Halls"

Michael
    $100 17
Michael

Michael
    $100 27
penitentiary

Michael
    $100 1
lead

Michael
    $200 28
New Orleans

Blanca
    $200 3
Voodoo

Michael
    $200 12
"Battle Hymn of the Republic"

Michael
    $200 18
(Blanca: What is a disc jockey?)

radio announcer

MichaelBlanca
    $200 26
5 years

Blanca
    $200 5
copper

Michael
    $300 13
Minnesota Twins

Tom
    $300 2
pope

Tom
    $300 11
"Beer Barrel Polka"

Triple Stumper
    $300 16
Dutch

Tom
    $300 22
Quakers

Tom
    $300 4
snake

Tom
    $400 14
Lincoln

Michael
    $400 8
Lutheranism

Michael
    $400 21
"June Is Bustin' Out All Over"

Triple Stumper
    $400 20
...
(Alex: Twice as Governor of California, twice as President)

4

Michael
    $400 24
Spandau

Michael
    $400 7
trap

Michael
    $500 15
(Tom: What is laughing waters?)
(Michael: What is father of the waters?)

big river

MichaelTom
Triple Stumper
    $500 9
Hinduism

Michael
    $500 30
(Tom: What is [*] September?)

"Try to Remember"

Tom
    $500 19
General Electric

Michael
    $500 25
Sing Sing

Blanca
    $500 6
supply pipe & waste pipes

Michael

Scores at the first commercial break (after clue 15):

Michael Tom Blanca
$2,400 $500 $0

Scores at the end of the Jeopardy! Round:

Michael Tom Blanca
$4,200 $1,600 $800

Double Jeopardy! Round responses

THE DESERT
BUSINESS & INDUSTRY
ART
SCIENCE
THE '40s
"IN" THE BEGINNING
    $200 23
wind

Blanca
    $200 25
(Michael: What's McDonald's?)

Burger King

MichaelTom
    $200 27
[ERRATUM: Alex correctly read the "is" as "in."]

Florence

Tom
    $200 19
acidic

Tom
    $200 30
Israel

Michael
    $200 29
incognito

Blanca
    $400 15
Great

Tom
    $400 8
airlines

Blanca
    $400 26
illumination

Michael
    $400 18
repel

Blanca
    $400 28
(Tom: Who is FDR?)
...
(Alex: Truman & Churchill were the other two.)

Stalin

Tom
Triple Stumper
    $400 1
incisors

Blanca
    $2,000 5
United States & Mexico

Michael
    $600 7
American Express

Triple Stumper
    $4,500 12
(Alex: Hurry.)
(Michael: Who is Picasso?)
(Alex: No, sorry. That was The Snake Charmer by [*].)

Henri Rousseau

Michael
    $600 6
(Tom: What are...neutrons?)

electrons

MichaelTom
    $600 10
I Remember Mama

Michael
    $600 2
incantation

Tom
    $800 11
alluvial

Triple Stumper
    $800 21
video cassettes

Tom
    $800 4
(Jean-François) Millet

Michael
    $800 17
glass

Michael
    $800 24
(Tom: Who is Queen Juliana?)

Queen Wilhelmina

MichaelTom
    $800 3
Inglenook

Michael
    $1000 14
(Tom: What is the eucalyptus?)

date palm

Tom
Triple Stumper
    $1000 20
Banana Republic

Triple Stumper
    $1000 13
(Tom: Who is Rembrandt?)
...
(Alex: Rembrandt was Dutch.)

Peter Paul Rubens

Tom
Triple Stumper
    $1000 16
(1 of) nitrogen (or hydrogen)

Michael
    $1000 22
Admiral (William) Halsey ("Bull" Halsey)

Michael
    $1000 9
infanta

Blanca

Scores at the end of the Double Jeopardy! Round:

Michael Tom Blanca
$8,500 $200 $3,400
(lock game)

[wagering suggestions for these scores]

Final Jeopardy! Round responses

THE OSCARS
TomWhat is All the King's Men?
$200
BlancaWhat is "All the King's Men"?
$2,999
MichaelWhat was All About Eve?
$1,699
(1 of) All the King's Men or All About Eve

Final scores:

Michael Tom Blanca
$10,199 $400 $6,399
2-day champion: $25,400 3rd place: Stiffel pair of table lamps 2nd place: trip on Delta to Mexico & stay at Fiesta Americana Puerto Vallarta

Game dynamics:

Coryat scores:

Michael Tom Blanca
$11,600 $200 $3,400
27 R
(including 2 DDs),
3 W
(including 1 DD)
13 R,
6 W
10 R,
1 W

Combined Coryat: $15,200

The J! Archive is created by fans, for fans. The Jeopardy! game show and all elements thereof, including but not limited to copyright and trademark thereto, are the property of Jeopardy Productions, Inc. and are protected under law. This website is not affiliated with, sponsored by, or operated by Jeopardy Productions, Inc. Join the discussion at JBoard.tv.